El Parque Nacional Podocarpus : (Registro nro. 6894)

Detalles MARC
000 -CABECERA
Campo de control 01372nam a2200301 i 4500
005 - FECHA Y HORA DE LA ULTIMA TRANSACCION
Campo de control 20160220105539.0
008 - ELEMENTOS DE LONGITUD FIJA—INFORMACION GENERAL
Campo de control 150305b2005 ec ||||| |||| 00| 0 spa d
040 ## - FUENTE DE CATALOGACIÓN
Agencia catalogadora original CO-BoIAVH
Agencia transcriptora CO-BoIAVH
041 ## - IDIOMA
Código de idioma para texto/pista de sonido o título separado Español
044 ## - PAÍS DE PUBLICACIÓN
País de publicación Ecuador
082 04 - NUMERO DE CLASIFICACION DECIMAL DEWEY
Número de clasificación 508.071866
Número del ítem L86p
100 1# - ASIENTO PRINCIPAL--NOMBRE PERSONAL
Nombre personal López R., Fausto
9 (RLIN) 33317
245 13 - MENCION DE TITULO
Título El Parque Nacional Podocarpus :
Parte restante del título agua y biodiversidad. Usos y beneficios par la región Sur del Ecuador /
Mención de responsabilidad Fausto López.
260 ## - PUBLICACION, DISTRIBUCION, ETC. (PIE DE IMPRENTA)
Lugar de publicación, distribución, etc. Loja:
Nombre del editor, distribuidor, etc. Fundación Ecológica Arcoiris;
Fecha de publicación, distribución, etc. 2005.
300 ## - DESCRIPCION FISICA
Extensión 68 páginas :
Otros detalles físicos ilustraciones y mapas ;
Dimensiones 21 cm.
504 ## - NOTA DE BIBLIOGRAFIA, ETC.
Nota de bibliografía Incluye referencias bibliográficas (pag. 62-65)
505 ## - NOTA DE CONTENIDO
Nota de contenido El agua en el mundo, continente y país. -- El Parque Nacional Podocarpus: importancia biológica, ecológica y socioeonómica. -- El futuro del agua. -- Propuesta para la gestión integral del agua.
650 #4 - ASIENTO SECUNDARIO DE MATERIA - TERMINO TEMATICO
Término temático o nombre geográfico como elemento de entrada Recursos forestales
Subdivisión general aspectos económicos
9 (RLIN) 61648
650 16 - ASIENTO SECUNDARIO DE MATERIA - TERMINO TEMATICO
Término temático o nombre geográfico como elemento de entrada Protección del medio ambiente
Subdivisión general parques nacionales
9 (RLIN) 61649
650 26 - ASIENTO SECUNDARIO DE MATERIA - TERMINO TEMATICO
Término temático o nombre geográfico como elemento de entrada Protección del agua
Subdivisión geográfica Ecudor
9 (RLIN) 61650
650 24 - ASIENTO SECUNDARIO DE MATERIA - TERMINO TEMATICO
Término temático o nombre geográfico como elemento de entrada Diversidad biológica
Subdivisión geográfica Ecudor
9 (RLIN) 61651
650 24 - ASIENTO SECUNDARIO DE MATERIA - TERMINO TEMATICO
Término temático o nombre geográfico como elemento de entrada Parques naturales
Subdivisión geográfica Ecudor
9 (RLIN) 61652
651 ## - ASIENTO SECUNDARIO DE MATERIA - NOMBRE GEOGRAFICO
Nombre geográfico Ecuador
Subdivisión geográfica Parque Nacional Podocarpus
9 (RLIN) 61653
700 1# - ASIENTO SECUNDARIO - NOMBRE PERSONAL
Nombre personal Romero, Juan Carlos,
Término de relación editor.
9 (RLIN) 33323
700 1# - ASIENTO SECUNDARIO - NOMBRE PERSONAL
Nombre personal Ordoñez, Leonardo,
Término de relación revisión.
9 (RLIN) 33324
700 1# - ASIENTO SECUNDARIO - NOMBRE PERSONAL
Nombre personal Cisneros, Rodrigo,
Término de relación revisión.
9 (RLIN) 33325
942 ## - ELEMENTOS ADICIONALES (KOHA)
Tipo de ítem Libro
Sistema de clasificación Dewey Decimal Classification
Existencias
Withdrawn status Lost status Sistema de Clasificación Damaged status No para préstamo Colección Inventariado Ubicación Permanente Ubicación actual Fecha de adquisición Fuente de Valor Valor Total Checkouts Número topográfico Inventario / Código de Barras Date last seen Ejemplar Price effective from Forma de adquisición Tipo de material
    Dewey Decimal Classification     General Inventariado 2017 Bogotá Bogotá 05/03/2015 Instituto 30000.00   LB-508.071866 L86p 038845 05/03/2015 Ej. 2 05/03/2015   Libro
    Dewey Decimal Classification     General Inventariado 2017 Sala Fabio Quevedo Sala Fabio Quevedo 02/06/2009 Instituto 30000.00   LB-508.071866 L86p 027034 04/12/2012 Ej. 1 04/12/2012   Libro